000 00579nam a2200229Ia 4500
003 OSt
005 20220928111321.0
006 a|||||r|||| 00| 0
007 ta
008 220927b |||||||| |||| 00| 0 eng d
024 _a25146
037 _cTextual
040 _aSDCL
_cSDCL
_beng
041 _2eng
_aeng
082 _aP0aO, N3
100 _aSudha Jitendra
_9423158
245 0 _aBhashikee aur sahitya.
260 _aDelhi
_bDivya Prakashan
_c1993
300 _a72p.
_ccm.
942 _hP0aO, N3
_cTEXL
_2CC
999 _c739658
_d739658